NBA Champions Starting Point Guards - Statistics

General Stats
  • This quiz has been taken 1,697 times
    730 since last reset
  • The average score is 23 of 41
Answer Stats
Year Point Guard % Correct
2015, 2017, 2018, 2022 Stephen Curry
99%
2025 Shai Gilgeous-Alexander
98%
2023 Jamal Murray
96%
2003, 2005, 2007, 2014 Tony Parker
95%
2021, 2024 Jrue Holiday
94%
2016 Kyrie Irving
94%
2019 Kyle Lowry
88%
2011 Jason Kidd
87%
1980, 1982, 1985, 1987, 1988 Magic Johnson
86%
2008 Rajon Rondo
85%
1989, 1990 Isiah Thomas
83%
2001, 2002, 2009, 2010 Derek Fisher
80%
2004 Chauncey Billups
79%
1999 Avery Johnson
74%
1957, 1959, 1960, 1961, 1962, 1963 Bob Cousy
74%
1986 Dennis Johnson
74%
2020 LeBron James
70%
2012, 2013 Mario Chalmers
67%
1972 Jerry West
66%
1974, 1976 Jo Jo White
65%
1971 Oscar Robertson
63%
1994, 1995 Kenny Smith
60%
1996, 1997, 1998, 2000 Ron Harper
60%
1970, 1973 Walt Frazier
56%
2006 Jason Williams
51%
1979 Gus Williams
50%
1993 B.J. Armstrong
47%
1991, 1992 John Paxson
47%
1964, 1965, 1966 K.C. Jones
44%
1967 Wali Jones
44%
1983 Maurice Cheeks
31%
1981 Nate Archibald
27%
1984 Gerald Henderson
9%
1978 Tom Henderson
9%
1955 George King
7%
1950, 1952, 1953, 1954, 1958 Slater Martin
7%
1977 Lionel Hollins
6%
1968, 1969 Larry Siegfried
4%
1951 Bob Davies
3%
1975 Butch Beard
3%
1956 Jack George
2%
No matching quizzes found
Score Distribution
Percent of People with Each Score
Percentile by Number Answered
Your Score History
You have not taken this quiz since the last reset